| 000 | 00459nam a2200181Ia 4500 | ||
|---|---|---|---|
| 005 | 20250423100027.0 | ||
| 008 | 250422s9999 xx 000 0 und d | ||
| 020 | _a978027369374 | ||
| 050 | _aHD 57.7 .B56/ | ||
| 100 | _aBinney, George...[et al.]. | ||
| 245 | 0 | _aLiving leadership : a practical guide for ordinary heroes | |
| 260 | _aNew York | ||
| 260 | _bPrentice Hall | ||
| 260 | _c2009 | ||
| 300 | _a256 p | ||
| 650 | _aLeadership. | ||
| 942 | _cBK | ||
| 999 |
_c32064 _d32064 |
||